000 01020nam a2200277 4500
001 0000015864
003 CO-CtgCURN
005 20260317225755.0
007 ta
008 160627s2001 000 0 eng d
020 _a9589380425
040 _aCO-CtgCURN
_bspa
_ccoctgcurn
082 0 _a345.023
_bC83
100 1 _aCuello Vengal, Unaldo David.
245 1 0 _aTeoria del delito de patrimonio economico en el nuevo Código penal colombiano /
_cUnaldo David Cuello Vengal.
260 _aMedellin :
_bLibreria Juridica,
_c2001.
300 _a67 p.
336 _2rdacontent
337 _2rdamedia
_asin mediacion
_bn
338 _2rdacarrier
_avolumen
_bnc
505 8 _aConcepto de patrimonio economico.--Hurto calificado.--Sujeto del delito.--Circustancia de atenuacion.--Abuso de confianza.--De la defraudacion.--De la usurpacion
650 1 4 _aDelitos (Derecho penal)
908 _a160627
942 _cBK
_h345.023
_iC83
_2ddc
_n0
999 _c19491
_d19491